Stranger Things Quotes #1 - Statistics

General Stats
  • This quiz has been taken 415 times
  • The average score is 16 of 26
Answer Stats
Hint Answer % Correct
"You can't spell America without Erica." Erica Sinclair
85%
"Friends don't lie." Jane Hopper
85%
"There’s more to life than stupid boys, you know.” Max Mayfield
81%
"Hey, dingus, your children are here again." Robin Buckley
79%
"Mornings are for coffee and contemplation." Jim Hopper
77%
"I hope you're enjoying your chicken, Ted." Karen Wheeler
77%
"If anyone asks where I am, I've left the country." Mike Wheeler
76%
“I didn’t run away this time, right?” Eddie Munson
73%
"I'm going as a guy who hates parties." Jonathan Byers
71%
"I need this phone and two weeks' advance. And a pack of Camels." Joyce Byers
68%
"Touch my butt, I don't care!" Dustin Henderson
66%
“Why are you keeping this curiosity door locked?” Dustin Henderson
61%
"Science is neat, but I'm afraid it's not very forgiving." Scott Clarke
61%
"What have you done?" Martin Brenner
58%
"We're not even in the game; we're on the bench." Mike Wheeler
58%
"My fingers are like arrows! My arms, like iron! My feet, like spears!" Murray Bauman
57%
"Being a freak is the best. I’m a freak!” Jonathan Byers
56%
"It took me six months longer to walk than all the other babies." Robin Buckley
56%
"If we’re both going crazy, then we’ll go crazy together, right?" Mike Wheeler
55%
"Something's coming... something hungry for blood." Mike Wheeler
55%
"And you know what happens when you disobey me. I break things." Billy Hargrove
53%
"And if you need to reach me again...don't." Murray Bauman
49%
"Okay, it's official, I'm never having kids." Dustin Henderson
43%
"Ask for forgiveness, not permission." Nancy Wheeler
35%
"I’m betting the fate of the planet that you’re one of the good ones." Sam Owens
34%
"I'm chill." Barbara Holland
8%
No matching quizzes found
Score Distribution
Percent of People with Each Score
Percentile by Number Answered
Your Score History
You have not taken this quiz